[Event "Moscow VDFSO"]
[Site "Moscow"]
[Date "1992.??.??"]
[Round "?"]
[White "Barskij, Vladimir"]
[Black "Stepanov, Pavel"]
[Result "1-0"]
[WhiteElo "2325"]
[BlackElo "2375"]

1.e4 c5 2.Nf3 Nc6 3.Bb5 Qb6 4.Ba4 e6 5.O-O Nge7 6.Re1 a6 7.c3 Qc7 8.d4 b5
9.Bb3 c4 10.Bc2 d5 11.e5 h6 12.Nbd2 Bd7 13.Nf1 O-O-O 14.Ng3 g6 15.b3 Nf5
16.Bxf5 gxf5 17.Nh5 Kb7 18.Bf4 Na5 19.b4 Nc6 20.a4 bxa4 21.Qxa4 Nb8 22.Qc2 Bb5
23.Qd2 Nc6 24.g3 Ra8 25.Reb1 Ne7 26.h4 Ng6 27.Be3 Be7 28.Nf4 Rag8 29.Nxg6 Rxg6
30.Kh1 Qd8 31.Rg1 Qg8 32.Kg2 Qh7 33.Rh1 Rgg8 34.Ng1 Qg6 35.Ne2 Qg4 36.f3 Qg7
37.Kf2 Kb6 38.Bf4 Ra8 39.Ra2 Kc6 40.Rha1 Bd8 41.Ra3 Bb6 42.Kf1 Kd7 43.Ng1 Ke7
44.Nh3 Kd7 45.R1a2 Bd8 46.Qe3 Be7 47.Ra5 Kc6 48.Nf2 Qg6 49.Nd1 Rhg8 50.Rh2 Rh8
51.Ra1 Ra7 52.Kg2 Rg8 53.Kh3 Kd7 54.Rha2 Kc6 55.Nb2 Raa8 56.Na4 Ra7 57.Nc5 Kb6
58.Ra5 Raa8 59.Qc1 Qh5 60.Qe3 Rg7 61.Qf2 Rgg8 62.R1a3 Ra7 63.Qa2 Rga8 64.Kg2 Qg6
65.Kf2 Qg7 66.Qa1 Qh8 67.Qc1 Bf8 68.Ra2 Bg7 69.Na4+ Kc6 70.Nb2 Bf8 71.Nd1 h5
72.Bg5 Be7 73.Bxe7 Rxe7 74.Kg2 Rb7 75.Nf2 Rg8 76.Nh3 Qg7 77.Ng5 Qg6 78.Qf4 Ra7
79.Kh3 Kb6 80.Rg2 Rh8 81.Ra1 Qh6 82.Rd2 Kc6 83.Kg2 Kb6 84.Nh3 Qf8 85.Qg5 Rh6
86.Nf4 Qh8 87.Kh3 Kc6 88.Rg2 Kd7 89.g4 hxg4+ 90.fxg4 Ra8 91.h5 Rg8 92.Qh4 fxg4+
93.Rxg4 Rxg4 94.Qxg4 Rh7 95.Rg1 Ba4 96.Kh4 Ke7 97.Qg8 Bc2 98.Qxh8 Rxh8 99.Ra1 Ra8
100.Ra5 Bf5 101.Ng2 Be4 102.Ne3 Bf3 103.h6 Be2 104.b5 Rh8 105.Kg5 Rg8+ 106.Kf4  1-0

[Event "Moscow Tal mem"]
[Site "Moscow"]
[Date "1992.??.??"]
[Round "?"]
[White "Tseshkovsky, Vitaly"]
[Black "Krasenkow, Michal"]
[Result "0-1"]
[WhiteElo "2510"]
[BlackElo "2555"]

1.e4 c5 2.Nf3 Nc6 3.Bb5 g6 4.O-O Bg7 5.Re1 e5 6.Bxc6 dxc6 7.h3 Qe7 8.c3 Nf6
9.d4 cxd4 10.cxd4 exd4 11.Bg5 Qb4 12.e5 Nd5 13.Nbd2 O-O 14.Ne4 Qxb2 15.Rb1 Qxa2
16.Nf6+ Nxf6 17.exf6 Bh8 18.Qxd4 b6 19.Ne5 Qd5 20.Qf4 Be6 21.Red1 Qa2 22.Nxc6 h5
23.g4 Qc4 24.Ne7+ Kh7 25.Rd4 Qe2 26.Re4 Qd3 27.Rbe1 Rac8 28.gxh5 gxh5 29.Qh4 Qxh3
30.Qxh3 Bxh3 31.Rh4 Bg4 32.Rxg4 hxg4 33.Kg2 Rc3 34.Re4 Rh3 35.Rxg4 Rh5 36.f4 Rd8
37.Kf3 Rd6 38.Nc8 Re6 39.f5 Rc6 40.Ne7 Rxf6 41.Bxf6 Bxf6 42.Nc6 Rxf5+ 43.Ke4 Rc5
44.Nxa7 Rc4+ 45.Kf5 Rxg4 46.Kxg4 Kg6 47.Kf4 Bd8 48.Nc6 Bc7+ 49.Ke4 f5+ 50.Kd5 Kg5
51.Nb4 Kg4 52.Kc6 Bd8 53.Kb5 f4  0-1

[Event "Moscow Tal mem"]
[Site "Moscow"]
[Date "1992.??.??"]
[Round "?"]
[White "Makarichev, Sergey"]
[Black "Krasenkow, Michal"]
[Result "1/2-1/2"]
[WhiteElo "2530"]
[BlackElo "2555"]

1.e4 c5 2.Nf3 Nc6 3.Bb5 g6 4.Bxc6 bxc6 5.O-O Bg7 6.Re1 e5 7.c3 Ne7 8.d4 cxd4
9.cxd4 exd4 10.Nxd4 O-O 11.Nc3 Rb8 12.Nb3 d5 13.Be3 dxe4 14.Bc5 Rb7 15.Nxe4 Bxb2
16.Nd4 Bxd4 17.Bxd4 Nd5 18.Rc1 f5 19.Nd2 Nf4 20.Nf3 Ne6 21.Rxc6 Nxd4  1/2-1/2

[Event "Moscow Tal mem"]
[Site "Moscow"]
[Date "1992.??.??"]
[Round "?"]
[White "Kuzmin, Gennadi P"]
[Black "Filipenko, Alexander V"]
[Result "1-0"]
[WhiteElo "2530"]
[BlackElo "2390"]

1.e4 c5 2.Nf3 Nc6 3.Bb5 e6 4.O-O Nge7 5.b3 a6 6.Bxc6 Nxc6 7.Bb2 b5 8.Qe2 Bb7
9.c4 bxc4 10.bxc4 d6 11.d4 cxd4 12.Nxd4 Qg5 13.Nd2 Be7 14.Rab1 Rb8 15.Nxc6 Bxc6
16.Bf6 Rxb1 17.Bxg5 Rxf1+ 18.Nxf1 Bxg5 19.e5 d5 20.Qg4 Be7 21.cxd5 Bxd5 22.Qa4+ Kf8
23.Ne3 g6 24.Qxa6 Be4 25.Qa4 Bb7 26.h4 h5 27.Kh2 Bc5 28.Qd7 Bxe3 29.fxe3 Bd5
30.Qd8+ Kg7 31.Qf6+ Kh7 32.Qxf7+ Kh6 33.a3 Ra8 34.e4 Ba2 35.Qf2 Bc4 36.Qc5 Bb3  1-0

[Event "Moscow Tal mem"]
[Site "Moscow"]
[Date "1992.??.??"]
[Round "?"]
[White "Glek, Igor V"]
[Black "Kuzmin, Gennadi P"]
[Result "0-1"]
[WhiteElo "2520"]
[BlackElo "2530"]

1.e4 c5 2.Nf3 Nc6 3.Bb5 Nf6 4.Nc3 Qc7 5.O-O e6 6.Re1 d6 7.d4 cxd4 8.Nd5 exd5
9.exd5+ Be7 10.dxc6 bxc6 11.Ba4 Bg4 12.Bg5 O-O 13.Bxc6 Qxc6 14.Rxe7 Nd5 15.Re1 Rae8
16.Qxd4 Bxf3 17.gxf3 h6 18.Bd2 Nf6 19.Qd3 Re5 20.Rxe5 dxe5 21.Re1 Re8 22.Bc3 Nd7
23.Qe4 Qe6 24.Kh1 Nf6 25.Qd3 Nd7 26.f4 f6 27.fxe5 fxe5 28.Qd2 Re7 29.a4 Qf5
30.Qd3 e4 31.Qe3 Qd5 32.Rg1 Qc6 33.a5 Nc5 34.Rg3 Ne6 35.Kg1 Qd5 36.Kg2 Rf7
37.Rg4 h5  0-1

[Event "Munich op9192"]
[Site "Munich"]
[Date "1992.??.??"]
[Round "1"]
[White "Aseeva, Marina"]
[Black "Kostic, Vladimir"]
[Result "0-1"]
[WhiteElo "2055"]
[BlackElo "2390"]

1.e4 c5 2.Nf3 Nc6 3.Bb5 Nd4 4.Nxd4 cxd4 5.c3 Qb6 6.Bc4 e6 7.O-O Qc7 8.d3 Bc5
9.Nd2 dxc3 10.bxc3 Be7 11.Qg4 Kf8 12.Bb2 Nf6 13.Qe2 d5 14.Bb3 a5 15.e5 Nd7
16.c4 dxc4 17.Bxc4 Nb6 18.Rac1 Qd8 19.Ne4 Bd7 20.Nd6 Bc6 21.Qg4 Nd5 22.Bxd5 Bxd5
23.Rc2 Kg8 24.Rfc1 Bc6 25.Qf4 Qf8 26.Ne4 h6 27.Qg4 h5 28.Qf4 Rh6 29.Re1 Rd8
30.Qe3 Rg6 31.Qf3 h4 32.h3 f5 33.exf6 gxf6 34.Qe2 f5 35.Nc3 Bxg2 36.Kh2  0-1

[Event "Munich op9192"]
[Site "Munich"]
[Date "1992.??.??"]
[Round "2"]
[White "Cladouras, Panagiotis"]
[Black "Krausser, Helmut"]
[Result "1-0"]
[WhiteElo "2370"]
[BlackElo "2270"]

1.e4 c5 2.Nf3 Nc6 3.Bb5 e5 4.Bxc6 dxc6 5.O-O Qc7 6.d3 Be7 7.b3 Bg4 8.h3 Bh5
9.Bb2 f6 10.Nbd2 g5 11.Qe1 Bg6 12.Nc4 Bd6 13.Rd1 O-O-O 14.Qe3 h5 15.b4 b6
16.Nxd6+ Qxd6 17.bxc5 Qxc5 18.Qxc5 bxc5 19.Nd2 Nh6 20.Ba3 h4 21.Bxc5 Rh7
22.f3 Rb7 23.Rb1 Rdd7 24.Nc4 Nf7 25.a4 Kd8 26.Na5 Rxb1 27.Rxb1 Kc8 28.Nxc6 Rc7
29.Nxa7+ Kd7 30.Rb5 Nd6 31.Bxd6 Rxa7 32.Rb6 Be8 33.Bb8 Ra8 34.a5 Kc8 35.Bd6 Rxa5
36.Be7 Kc7 37.Rxf6 Ra1+ 38.Kh2 Rc1 39.c4 Rc3 40.Bd6+ Kd7 41.Bxe5 Rxd3 42.c5 Ke7
43.Rd6 Rxd6 44.Bxd6+ Ke6 45.Bc7 Kd7 46.Ba5 Ke6 47.Bd8  1-0

[Event "Munich op9192"]
[Site "Munich"]
[Date "1992.??.??"]
[Round "3"]
[White "Wahls, Matthias"]
[Black "Ankerst, Mihael"]
[Result "0-1"]
[WhiteElo "2560"]
[BlackElo "2195"]

1.e4 c5 2.Nf3 Nc6 3.Bb5 e6 4.O-O Nge7 5.c3 a6 6.Ba4 c4 7.Bc2 Qc7 8.b3 cxb3
9.axb3 Ng6 10.d4 Be7 11.g3 O-O 12.h4 Re8 13.h5 Nf8 14.Nh2 d6 15.f4 e5 16.d5 Nd8
17.c4 Nd7 18.Kh1 h6 19.Na3 Qb8 20.Bd2 b5 21.b4 Nb6 22.cxb5 axb5 23.Qf3 Bd7
24.Rfc1 Qb7 25.Bd3 Na4 26.f5 Rb8 27.Ra2 f6 28.Rac2 Qb6 29.Be3 Qa6 30.Rc7 Nc5
31.bxc5 Qxa3 32.Bf1 dxc5 33.Rxd7 c4 34.Ra7 Qb3 35.Bf2 Qb2 36.Raa1 Nf7 37.Rcb1 Qc2
38.Rc1 Qb2 39.Rab1 Qa2  0-1

[Event "Munich op9192"]
[Site "Munich"]
[Date "1992.??.??"]
[Round "3"]
[White "Bocksberger, Stefan"]
[Black "Kostic, Vladimir"]
[Result "1/2-1/2"]
[WhiteElo "2375"]
[BlackElo "2390"]

1.e4 c5 2.Nf3 Nc6 3.Bb5 g6 4.O-O Bg7 5.c3 Nf6 6.Re1 O-O 7.h3 Qb6 8.a4 a6
9.Bxc6 Qxc6 10.d4 d6 11.d5 Qc7 12.c4 e5 13.Nc3 h6 14.Be3 Ne8 15.Nd2 f5 16.f3 f4
17.Bf2 a5 18.Kf1 g5 19.Ke2 h5 20.Kd3 Qf7 21.Rh1 Qg6 22.Nb5 Rf7 23.Nb3 Bf8
24.Qd2 b6 25.Qe2 g4 26.Rag1 g3 27.Be1 h4 28.Bc3 Nf6 29.Kc2 Nh7 30.Nc1 Ng5
31.Nd3 Bg7 32.Kb3 Ba6 33.Rf1 Raf8 34.Rhg1 Bc8 35.Ne1 Rb7 36.Ka2 Bd7 37.b3 Be8
38.Bd2 Rd7 39.Nc3 Qh5 40.Kb2 Bg6 41.Rh1 Bf6 42.Ka3 Rg7 43.Kb2 Rh7 44.Ka3 Rd8
45.Kb2 Be8 46.Kc2 Qf7 47.Nb5 Qd7 48.Rfg1 Qc8 49.Kb2 Rdd7 50.Ka3 Be7 51.Kb2 Rb7
52.Nc3 Bd7 53.Qf1 Bf8 54.Ka2 Be8 55.Qe2 Rbg7 56.Nb5 Rg6 57.Kb2 Rhg7 58.Ka3 Qb7
59.Kb2 Kf7 60.Ka3 Ke7 61.Nd3 Kd8 62.Bc3 Rg8 63.Ka2 Qb8  1/2-1/2

[Event "Munich op9192"]
[Site "Munich"]
[Date "1992.??.??"]
[Round "5"]
[White "Fedorov, Vladislav"]
[Black "Yakovich, Yuri"]
[Result "1-0"]
[WhiteElo "2390"]
[BlackElo "2560"]

1.e4 c5 2.Nf3 Nc6 3.Bb5 g6 4.Bxc6 bxc6 5.O-O Bg7 6.Re1 d6 7.e5 Bg4 8.exd6 Qxd6
9.h3 Bf5 10.Na3 Nf6 11.Nc4 Qc7 12.d3 O-O 13.Be3 Nd7 14.Nfd2 Rfe8 15.Rb1 Be6
16.a3 Bd5 17.Nb3 Rab8 18.Qc1 Rb5 19.Ncd2 Reb8 20.c4 Rxb3 21.Nxb3 Rxb3 22.Qc2 Qb6
23.cxd5 cxd5 24.Bd2 Ne5 25.d4 Nd3 26.dxc5 Qxc5 27.Qxc5 Nxc5 28.Rxe7 Bxb2
29.Bh6 f5 30.Rc7 Bd4 31.Re1  1-0

[Event "NED-chT"]
[Site "NED"]
[Date "1992.??.??"]
[Round "?"]
[White "Cifuentes Parada, Roberto"]
[Black "Nijboer, Friso"]
[Result "1/2-1/2"]
[WhiteElo "2540"]
[BlackElo "2455"]

1.e4 c5 2.Nf3 Nc6 3.Bb5 e6 4.O-O Nge7 5.Re1 a6 6.Bxc6 Nxc6 7.d4 cxd4 8.Nxd4 d6
9.Nc3 Be7 10.Nxc6 bxc6 11.Qg4 g6 12.Bh6 e5 13.Qg3 g5 14.Rad1 Rg8 15.h4 g4
16.Bg5 Bxg5 17.hxg5 Rxg5 18.Rd3 Ra7 19.Red1 Rd7 20.Na4 Rg6 21.c4 Qa5 22.b3 c5
23.Qh4 Bb7 24.Nc3 Qd8 25.Qxd8+ Rxd8 26.Kh2 Ke7 27.Kg3 h5 28.Rh1 Rh8 29.Nd5+ Bxd5
30.cxd5 f5 31.exf5 Rg5 32.Rc3 a5 33.Rc4 Rxf5 34.Rxg4 hxg4 35.Rxh8 e4 36.Rg8 Rxd5
37.Rxg4 Rd3+ 38.Kf4 Rd2 39.Ke3 Rxa2 40.Rxe4+ Kd7 41.Ra4 Rb2 42.Ra3 d5 43.g4 d4+
44.Kf3 Kc6 45.g5 Kb5 46.g6 Rb1 47.Kg2 Re1 48.f4 d3 49.Ra2 Rc1 50.Rf2 Rc2
51.g7 d2 52.g8=Q d1=Q 53.Qe8+ Kb4 54.Qa4+ Kc3 55.Qc4+ Kb2 56.Qxc2+ Qxc2 57.Rxc2+ Kxc2
58.f5 c4 59.bxc4 a4 60.c5 a3 61.c6 a2 62.c7 a1=Q 63.c8=Q+ Kd3 64.Qe6 Qc1
65.Qd5+ Ke3 66.Qf3+ Kd4 67.f6 Qg5+ 68.Kh3 Qh6+ 69.Kg3 Ke5 70.f7 Qf8  1/2-1/2

[Event "Enhance MCC"]
[Site "New York"]
[Date "1992.??.??"]
[Round "4"]
[White "Zamora, Jorge"]
[Black "Waitzkin, Joshua"]
[Result "1/2-1/2"]
[WhiteElo "2350"]
[BlackElo "2310"]

1.e4 c5 2.Nf3 Nc6 3.Bb5 g6 4.O-O Bg7 5.c3 Nf6 6.Qe2 O-O 7.Na3 d6 8.h3 e5
9.Rd1 Qe7 10.Bxc6 bxc6 11.d3 Bd7 12.Bg5 h6 13.Bxf6 Bxf6 14.Rac1 Rfe8 15.Nc4 Bg7
16.Na5 Rab8 17.a3 Rb5 18.Nc4 f5 19.b4 d5 20.Ne3 cxb4 21.axb4 a5 22.exd5 axb4
23.c4 Rbb8 24.c5 Qf7 25.dxc6 Bxc6 26.Nc4 e4 27.dxe4 Rxe4 28.Qd3 Bb5 29.Qd6 Rbe8
30.Ne3 b3 31.c6 b2 32.Rc5 Bf8 33.Rxb5 Bxd6 34.Rxd6 Qa2 35.Nd2 R4e6 36.Rxe6 Qxe6
37.c7 Rc8 38.Rb8 Kf7 39.Nd5 Rxc7 40.Nxc7 Qe1+ 41.Nf1 b1=Q 42.Rxb1 Qxb1 43.Nd5 Qd1
44.Ne3 Qe1 45.g3 Ke6 46.h4 Ke5 47.Ng2 Qa1 48.Nf4 g5 49.hxg5 hxg5 50.Nh3 Qc1
51.Nxg5 Kd4 52.Ne6+ Kd3 53.Nf4+ Ke4 54.Ng2 Kf3 55.Nf4 Qd1 56.Ng2 Qb1 57.Nf4 Qa1
58.Ng2 Qb1 59.Nf4 Qe1 60.Nd3 Qd1 61.Nf4 Qa1  1/2-1/2

[Event "New York op"]
[Site "New York"]
[Date "1992.??.??"]
[Round "5"]
[White "Leow Leslie M"]
[Black "Markzon, Gregory"]
[Result "1-0"]
[WhiteElo "2455"]
[BlackElo "2275"]

1.e4 c5 2.Nf3 Nc6 3.Bb5 g6 4.O-O Bg7 5.c3 Qb6 6.a4 Nf6 7.e5 Nd5 8.d4 cxd4
9.cxd4 O-O 10.Nc3 Nxc3 11.bxc3 d6 12.exd6 exd6 13.Ba3 Qc7 14.Ng5 Qe7 15.Qd2 h6
16.Nf3 Rd8 17.Rfe1 Qf6 18.Re3 Bd7 19.Qa2 Re8 20.Rae1 Rxe3 21.Rxe3 a6 22.Bc4 Re8
23.Qb2 Rxe3 24.fxe3 Bc8 25.Qb6 Qe7 26.Kf2 g5 27.h3 h5 28.Bd5 g4 29.hxg4 hxg4
30.Nd2 g3+ 31.Ke2 Bh6 32.Ne4 Bf5 33.Bxd6 Qh4 34.Qxb7 Nd8 35.Qe7 Qg4+ 36.Kd2  1-0

[Event "Enhance MCC"]
[Site "New York"]
[Date "1992.??.??"]
[Round "5"]
[White "Garber, Stanislav"]
[Black "Zamora, Jorge"]
[Result "1-0"]
[WhiteElo "2385"]
[BlackElo "2350"]

1.e4 c5 2.Nf3 Nc6 3.Bb5 g6 4.O-O Bg7 5.c3 e5 6.d4 cxd4 7.cxd4 exd4 8.Bf4 Nge7
9.Bd6 Qb6 10.Na3 a6 11.Ba4 Na5 12.e5 Nf5 13.Re1 Nc6 14.Nc4 Qd8 15.Bc5 b5
16.Bb6 Qe7 17.Nd6+ Kf8 18.Bc7 Kg8 19.Nxf5 gxf5 20.Bd6 Qd8 21.Bc2 Ne7 22.Ng5 h6
23.Nxf7 Qe8 24.Nxh8 Kxh8 25.Qxd4 Bb7 26.f3 Rc8 27.Qd3 Bd5 28.Bb3 Bc4 29.Bxc4 bxc4
30.Qd2 Ng6 31.f4 Nh4 32.Re3 Qe6 33.Rd1 Kh7 34.Qd5 Qg6 35.Rg3 Qh5 36.Re1  1-0

[Event "NOR-ch"]
[Site "?"]
[Date "1992.??.??"]
[Round "4"]
[White "Moen, Ole Christian"]
[Black "Fossan, Erik"]
[Result "0-1"]
[WhiteElo "2255"]
[BlackElo "2340"]

1.e4 c5 2.Nf3 Nc6 3.Bb5 e6 4.O-O Nge7 5.Re1 a6 6.Bf1 d5 7.Nc3 d4 8.Nb1 e5
9.a4 g6 10.Na3 Bg7 11.Nc4 O-O 12.c3 Be6 13.Ng5 Bxc4 14.Bxc4 Na5 15.Ba2 c4
16.d3 b5 17.cxd4 exd4 18.b4 Nac6 19.dxc4 Nxb4 20.cxb5 Nxa2 21.Rxa2 axb5 22.Bd2 Nc6
23.Qc2 Rc8 24.Qb3 b4 25.Rc1 d3 26.Rc5 Nd4 27.Qxb4 Rb8 28.Rb5 Nxb5 29.axb5 Qb6
30.Ra5 Ra8 31.Rxa8 Rxa8 32.g3 h6 33.Nf3 Rb8 34.Ne1 Bf8 35.Qc4 Qxb5 36.Qxb5 Rxb5
37.Nxd3 Rb1+ 38.Ne1 Rd1 39.Bc3 Rc1 40.Bd2 Rd1 41.Bc3 Bg7 42.Ba5 Rd4 43.Nf3 Rxe4
44.Bb6 Rc4 45.Kg2 h5 46.h4 Rc2 47.Be3 Bf8 48.Nd4 Rc3 49.Ne2 Rc4 50.Nf4 Bc5
51.Bxc5 Rxc5 52.Nh3 Rc3 53.Ng5 Ra3 54.Nh3 Kg7 55.Nf4 Kf6 56.Nh3 Ke7 57.Ng5 Ke8
58.Nh3 Rb3 59.Ng5 Kf8 60.Nh3 Ke7 61.Ng5 Rc3 62.Kg1 Ra3 63.Kg2 Kf6 64.Nh3 Kf5
65.Nf4 Ra4 66.Nh3 Ra3 67.Ng5 Ra7 68.Nh3 Ra2 69.Ng5 f6 70.Nf3 Ke4 71.Ng1 g5
72.hxg5 fxg5 73.Nf3 g4 74.Nh4 Kd3 75.Ng6 Kd2 76.Nf4 Ke1 77.Nd3+ Kd2 78.Nf4 Ra5
79.Kf1 Rb5 80.Ng2 Rb4  0-1

[Event "NOR-chT north"]
[Site "NOR"]
[Date "1992.??.??"]
[Round "2"]
[White "Svedenborg, Paul"]
[Black "Jensen, Stein"]
[Result "0-1"]
[WhiteElo "2255"]
[BlackElo "2220"]

1.e4 c5 2.Nf3 Nc6 3.Bb5 g6 4.c3 Bg7 5.d4 cxd4 6.cxd4 Nf6 7.Nc3 O-O 8.d5 Nb8
9.e5 Ng4 10.Qe2 a6 11.Bc4 d6 12.e6 fxe6 13.dxe6 Nc6 14.O-O Nge5 15.Nxe5 Nxe5
16.Bd5 Rb8 17.Be3 b5 18.Ba7 Rb7 19.Bxb7 Bxb7 20.Rad1 Qa8 21.Be3 Bxg2 22.f4 Bxf1
23.Rxf1 Nc4 24.Rd1 Bxc3 25.bxc3 Qe4 26.Re1 Nxe3 27.Qxe3 Qxe3+ 28.Rxe3 Rxf4
29.Kg2 Kg7 30.Kg3 Rf5 31.c4 bxc4 32.Ra3 Rc5 33.Rf3 Rf5 34.Ra3 Kf6 35.Rxa6 Rc5
36.Ra4 c3 37.Rf4+ Kxe6 38.Rf1 d5 39.Kf4 c2 40.Rc1 Rc3 41.a4 Kd6 42.a5 e5+  0-1

[Event "Norresundby op"]
[Site "Norresundby"]
[Date "1992.??.??"]
[Round "2"]
[White "Kruszynski, Wlodzimierz"]
[Black "Borge, Nikolaj"]
[Result "1-0"]
[WhiteElo "2375"]
[BlackElo "2335"]

1.e4 c5 2.Nf3 Nc6 3.Bb5 g6 4.O-O Bg7 5.c3 d5 6.Qa4 Qd6 7.exd5 Qxd5 8.d4 cxd4
9.cxd4 Bd7 10.Nc3 Qf5 11.d5 Nb8 12.Nd4 Qg4 13.Be3 Nf6 14.f3 Qh5 15.Bxd7+ Nbxd7
16.Ne6 fxe6 17.dxe6 Qf5 18.exd7+ Qxd7 19.Qb3 e6 20.Rad1 Qc6 21.Nb5 Nd5 22.Rxd5 exd5
23.Rc1 Rb8 24.Rxc6 bxc6 25.Qc2 Kd7 26.Nxa7  1-0

[Event "Norresundby op"]
[Site "Norresundby"]
[Date "1992.??.??"]
[Round "6"]
[White "Kruszynski, Wlodzimierz"]
[Black "Pigusov, Evgeny"]
[Result "0-1"]
[WhiteElo "2375"]
[BlackElo "2550"]

1.e4 c5 2.Nf3 Nc6 3.Bb5 g6 4.O-O Bg7 5.c3 e5 6.d4 cxd4 7.cxd4 exd4 8.Bf4 Nge7
9.Bd6 O-O 10.Nbd2 b6 11.b4 Bb7 12.Rc1 Re8 13.Qb3 Nc8 14.Bf4 h6 15.Rfe1 a6
16.Bc4 Qe7 17.Bd5 b5 18.e5 Nb6 19.Be4 Kh8 20.a3 Rac8 21.Qd3 Ba8 22.Nxd4 Nxe5
23.Qb1 Rxc1 24.Rxc1 Bxe4 25.Qxe4 d5 26.Qb1 Nec4 27.N4f3 g5 28.Bg3 Nxd2 29.Nxd2 Nc4
30.Nf3 Nxa3 31.Qd3 Nc4 32.Qxd5 Qe6 33.Qd1 Qe2 34.h3 Qxd1+ 35.Rxd1 Bf8 36.Rb1 Re2
37.Nd4 Rb2 38.Rxb2 Nxb2 39.Nf5 Nc4 40.f3 Bxb4 41.Nxh6 Kg7 42.Nf5+ Kg6 43.Nd4 Bc5
44.Bf2 Bxd4 45.Bxd4 b4  0-1

[Event "Oberwart op"]
[Site "Oberwart"]
[Date "1992.??.??"]
[Round "3"]
[White "Seifert, Milan"]
[Black "Fominyh, Alexander"]
[Result "1/2-1/2"]
[WhiteElo "2275"]
[BlackElo "2530"]

1.e4 c5 2.Nf3 Nc6 3.Bb5 Qb6 4.Nc3 e6 5.O-O a6 6.Bxc6 Qxc6 7.d4 cxd4 8.Nxd4 Qc7
9.Re1 Bd6 10.g3 Be5 11.Nf3 Bd6 12.e5 Be7 13.Ne4 b5 14.Bg5 f6 15.exf6 Nxf6
16.Bf4 Qb6 17.Nd6+ Bxd6 18.Qxd6 Qxd6 19.Bxd6 Bb7 20.Ne5 a5 21.Rad1 Ra6 22.c4 bxc4
23.Nxc4 Bd5 24.b3 a4 25.Rd4 axb3 26.axb3 g5 27.f4 gxf4 28.Rxf4 Bxc4 29.Rxc4 Kf7
30.Be5 d6 31.Bxf6 Kxf6 32.Rf1+  1/2-1/2

[Event "Oberwart op"]
[Site "Oberwart"]
[Date "1992.??.??"]
[Round "3"]
[White "Schwab, Rene"]
[Black "Klinger, Josef"]
[Result "0-1"]
[WhiteElo "2260"]
[BlackElo "2480"]

1.e4 c5 2.Nf3 Nc6 3.Bb5 e6 4.O-O Nge7 5.Re1 a6 6.Bf1 d6 7.c3 e5 8.d4 cxd4
9.cxd4 Bg4 10.Bc4 Ng6 11.Qb3 Qc7 12.Ng5 f6 13.Bf7+ Kd8 14.Bxg6 fxg5 15.Qg3 Nxd4
16.Qxg4 hxg6 17.Bxg5+ Be7 18.Nc3 Bxg5 19.Qxg5+ Qe7 20.Qxe7+ Kxe7 21.Nd5+ Kf7
22.Rac1 Rac8 23.Rc3 Rc6 24.Nb4 Rb6 25.Rc7+ Kg8 26.Nd3 Kh7 27.Re3 Rb8 28.f4 exf4
29.Rh3+ Kg8 30.Nxf4 Rf8 31.g3 Rxb2 32.Nxg6 Ne2+ 33.Kg2 Nf4+ 34.Kf3 Nxg6+  0-1

[Event "Odorheiu Secuiesc"]
[Site "Odorheiu Secuiesc"]
[Date "1992.??.??"]
[Round "?"]
[White "Ardeleanu, Alin"]
[Black "Rogozenko, Dorin"]
[Result "0-1"]
[WhiteElo "2350"]
[BlackElo "2305"]

1.e4 c5 2.Nf3 Nc6 3.Bb5 d6 4.O-O Bd7 5.c3 a6 6.Ba4 c4 7.d4 cxd3 8.Qxd3 Ne5
9.Nxe5 dxe5 10.Bxd7+ Qxd7 11.Qxd7+ Kxd7 12.Be3 Nf6 13.f3 e6 14.Nd2 Kc7 15.Nc4 Nd7
16.Rfd1 Be7 17.a4 Rhd8 18.Rxd7+ Kxd7 19.Nb6+ Kc6 20.Nxa8 Rxa8 21.Kf2 f5 22.Ke2 Rd8
23.g4 g6 24.b3 Rg8 25.Rg1 Rf8 26.h3 Rf7 27.Rb1 Bd8 28.c4 a5 29.b4 axb4 30.Rxb4 h5
31.Rb5 Bc7 32.Rc5+ Kd6 33.Rb5 Kc6 34.Rb1 hxg4 35.hxg4 f4 36.Bf2 Rh7 37.Bg1 Rh1
38.Kf1 Rh3 39.Rb3 Rh8 40.Rb2 Ra8 41.Rh2 Rxa4 42.Rh6 Rxc4 43.Rxg6 b5 44.Rxe6+ Kb7
45.Ke2 b4 46.Kd3 Rc1  0-1

[Event "Odorheiu Secuiesc"]
[Site "Odorheiu Secuiesc"]
[Date "1992.??.??"]
[Round "?"]
[White "Ardeleanu, Alin"]
[Black "Lupu, Smaranda  B"]
[Result "1/2-1/2"]
[WhiteElo "2350"]
[BlackElo "2205"]

1.e4 c5 2.Nf3 Nc6 3.Bb5 e6 4.O-O Nge7 5.Re1 a6 6.Bxc6 Nxc6 7.d4 cxd4 8.Nxd4 Be7
9.c4 O-O 10.Nc3 d6  1/2-1/2

[Event "Oostende op"]
[Site "Oostende"]
[Date "1992.??.??"]
[Round "7"]
[White "Dunnington, Angus J"]
[Black "Vaisser, Anatoli"]
[Result "1/2-1/2"]
[WhiteElo "2355"]
[BlackElo "2540"]

1.e4 c5 2.Nf3 Nc6 3.Bb5 e6 4.O-O Nge7 5.c3 d5 6.exd5 Qxd5 7.d4 cxd4 8.c4 Qd6
9.Qxd4 Qxd4 10.Nxd4 Bd7 11.Nxc6 Nxc6 12.Nc3 a6 13.Ba4 Ne5 14.Bxd7+ Nxd7 15.b3 O-O-O
16.Be3 Bc5 17.Bxc5 Nxc5 18.Rfd1 Rxd1+ 19.Rxd1 Rd8 20.Rxd8+ Kxd8 21.Kf1 f5
22.f4 Ke7 23.Ke2 e5 24.b4 Nd7 25.Ke3 Ke6 26.Nd5 Kd6 27.fxe5+ Nxe5 28.Kd4 Nc6+
29.Kc3 b5 30.Nf4 g5 31.Nd3 h5 32.Nc5 Ne5 33.Nxa6 Nxc4 34.Kd4 Ne5 35.a3 h4
36.h3 g4 37.hxg4 fxg4 38.Nc5 Nc6+ 39.Ke4 h3 40.gxh3 gxh3 41.Kf3 Nd4+ 42.Kg3 Nc2  1/2-1/2

[Event "RUS-ch"]
[Site "Orel"]
[Date "1992.??.??"]
[Round "?"]
[White "Lukin, Andrei M"]
[Black "Filipenko, Alexander V"]
[Result "1/2-1/2"]
[WhiteElo "2435"]
[BlackElo "2375"]

1.e4 c5 2.Nf3 Nc6 3.Bb5 e6 4.O-O Nge7 5.d4 cxd4 6.Nxd4 Qb6 7.Nxc6 Nxc6 8.c4 Be7
9.Be3 Qc7 10.Nd2 b6 11.Qc2 O-O 12.Rac1 d6 13.Nf3 Bb7 14.Rfd1 Rfd8 15.Ba4  1/2-1/2

[Event "RUS-ch"]
[Site "Orel"]
[Date "1992.??.??"]
[Round "?"]
[White "Karasev, Vladimir I"]
[Black "Landa, Konstantin"]
[Result "0-1"]
[WhiteElo "2380"]
[BlackElo "2440"]

1.e4 c5 2.Nf3 Nc6 3.Bb5 e6 4.O-O Nge7 5.c3 a6 6.Ba4 b5 7.Bb3 d5 8.exd5 Nxd5
9.d4 c4 10.Bc2 Bb7 11.b3 Rc8 12.bxc4 bxc4 13.Qe2 Qa5 14.Ng5 Be7 15.Qh5 Bxg5
16.Qxg5 O-O 17.Qh5 f5 18.Bg5 Nxc3 19.Bd2 Nxd4 20.Nxc3 Nxc2 21.Rab1 Qc7 22.Rb2 Na3
23.Bc1 Nb5 24.Rc2 Nd4 25.Rb2 e5 26.Re1 Rf6 27.f3 Rg6 28.Kf1 Rd8 29.Bg5 Rf8
30.Be3 Ba8 31.Bf2 Qa5 32.Rc1 Rh6 33.Qg5 Rxh2 34.Kg1 Rh6 35.Qe7 Re6 36.Qa7 Qd8
37.Rd1 Rd6 38.Re1 Rg6 39.Kf1 Nb5 40.Nxb5 Qd3+ 41.Ree2 axb5 42.Rxb5 Rxg2 43.Rb8 Bxf3
44.Rxf8+ Kxf8 45.Bc5+ Kg8 46.Qb8+ Kf7 47.Qf8+ Kg6 48.Qe8+ Kg5 49.Qe7+ Kh5  0-1

[Event "RUS-ch"]
[Site "Orel"]
[Date "1992.??.??"]
[Round "?"]
[White "Kalegin, Evgenij"]
[Black "Yagupov, Igor"]
[Result "1-0"]
[WhiteElo "2370"]
[BlackElo "2410"]

1.e4 c5 2.Nf3 Nc6 3.Bb5 d6 4.O-O Bd7 5.c3 a6 6.Bxc6 Bxc6 7.Re1 Nf6 8.d4 Bxe4
9.Bg5 d5 10.Nbd2 Bxf3 11.Qxf3 cxd4 12.Bxf6 gxf6 13.Qxf6 Rg8 14.Qxd4 Qc7 15.Qd3 O-O-O
16.Qxh7 Rg7 17.Qh3+ e6 18.Nf1 Bd6 19.Rad1 Rdg8 20.g3 Kb8 21.Rd4 Be7 22.Qg2 Rg6
23.Qf3 f5 24.Rd2 f4 25.Rde2 Bc5 26.Kh1 Qf7 27.Nd2 Rf6 28.g4 Bd6 29.c4 Rh6
30.Qg2 Rgh8 31.f3 Bc5 32.Nf1 Ka7 33.Rc2 Be3 34.cxd5 exd5 35.Nxe3 fxe3 36.Rxe3 d4
37.Rd3 Qxa2 38.Qg1 Ka8 39.Rcd2 Qf7 40.Qxd4 Qc7 41.Qg1 Re6 42.Rd7 Qb8 43.g5 Rhe8
44.Qd4 Re5 45.h4 Rc8 46.Rd8 Re8 47.Rxe8 Rxe8 48.Kg2 Qc7 49.g6 Qe7 50.Qd7 Qe3
51.g7 Rg8 52.Qd8+ Ka7 53.Qd4+ Qxd4 54.Rxd4 Rxg7+ 55.Kh3 Kb6 56.h5 Kc5 57.Rh4 Kd6
58.h6 Rg8 59.h7 Rh8 60.Kg4 Ke7 61.Kg5 Kf7 62.Kh6  1-0

[Event "RUS-ch"]
[Site "Orel"]
[Date "1992.??.??"]
[Round "?"]
[White "Dmitriev, Igor"]
[Black "Semeniuk, Alexander A"]
[Result "0-1"]
[WhiteElo "2270"]
[BlackElo "2370"]

1.e4 c5 2.Nf3 Nc6 3.Bb5 g6 4.Bxc6 dxc6 5.h3 Nf6 6.d3 Bg7 7.Nc3 Nd7 8.Be3 e5
9.Qd2 h6 10.Na4 Qe7 11.Qc3 b6 12.a3 Bb7 13.h4 f5 14.O-O-O f4 15.Bd2 b5 16.Qb3 Bc8
17.Nc3 Nb6 18.Ne2 a5 19.Qa2 Be6 20.Qa1 a4 21.Rdg1 O-O 22.Ne1 c4 23.f3 cxd3
24.Nxd3 c5 25.g3 fxg3 26.Rxg3 Kh7 27.Rhg1 Bf7 28.Nc3 b4 29.Na2 b3 30.Nc3 bxc2
31.Be3 Rfd8 32.Ne1 Nc4 33.Nxc2 Na5 34.Kb1 Nb3 35.Qa2 Nd2+ 36.Bxd2 Bxa2+ 37.Nxa2 Rxd2
38.Rxg6 Bf8 39.Nc3 Qf7 40.Rb6 Qxf3 41.Nd5 Rxc2 42.Nf6+ Qxf6 43.Rxf6 Re2 44.Rf7+ Kh8
45.Rg4 Rb8 46.Ka1 c4 47.h5 Rh2 48.Rc7 Rxh5 49.Rg2 Rh1+ 50.Ka2 Rd1 51.Rxc4 Rd4
52.Rc6 Rxe4 53.Re6 Kh7 54.Rf2 Rf4 55.Re2 Bg7 56.Re7 h5 57.Ra7 Kg6 58.Kb1 Bf6  0-1

[Event "RUS-ch"]
[Site "Orel"]
[Date "1992.??.??"]
[Round "?"]
[White "Bezgodov, Alexei"]
[Black "Belikov, Vladimir"]
[Result "1/2-1/2"]
[WhiteElo "2355"]
[BlackElo "2420"]

1.e4 c5 2.Nf3 Nc6 3.Bb5 e6 4.O-O Nge7 5.Re1 a6 6.Bf1 d5 7.exd5 Nxd5 8.d4 Be7
9.c4 Nf6 10.dxc5 Qxd1 11.Rxd1 Ne4 12.Be3 Nb4 13.Nbd2 Nxc5 14.Ne1 a5 15.a3 Nc6
16.Nd3 Nxd3 17.Bxd3 f5 18.Bb6 Ne5 19.Be2 O-O 20.Nf3 Nd7 21.Bc7 Bf6 22.Rab1 Rf7
23.Bd6 b6 24.Nd4 Nc5 25.Bf3 Ne4 26.Bxe4 fxe4 27.Nb5 Bb7 28.Bc7 Bc6 29.Bxb6 Rb7
30.Bc5 Bxb5 31.cxb5 Rxb5 32.b4 axb4 33.Bxb4 h6 34.Kf1 Kh7 35.Rb3 Bg5 36.Rd4 Rc8
37.Rxe4 Rc6 38.Rd3 Rf5 39.Rc3 Ra6 40.Rc5 Bf6 41.Rc2 Rd5 42.Rce2 e5 43.Rc2 Rd1+
44.Ke2 Rh1 45.h3 Rh2 46.Kf1 Rh1+ 47.Ke2 Rh2 48.Kf3 h5 49.Rc1 Bg5 50.Rg1 Bf4
51.Bc5 Rg6 52.Ree1 Rc6 53.Be3 Rc3 54.a4 Kg6 55.Rc1 Rb3 56.Rb1 Rc3 57.Rgc1 Ra3
58.Ra1 Rb3 59.a5 Kf5 60.g4+ Kg5 61.a6 Rxh3+ 62.Kg2 Bxe3 63.fxe3  1/2-1/2